[Event "Bochumer SV 02 III - SV Unna"]
[Site "?"]
[Date "2023.09.17"]
[Round "2.1"]
[White "Barskij, Aleksandr"]
[Black "von Bargen, Lukas"]
[Result "0-1"]
[WhiteElo "1844"]
[BlackElo "2097"]
[PlyCount "106"]
[SourceDate "2023.10.09"]

1. e4 c5 2. Nc3 g6 3. d4 cxd4 4. Qxd4 Nf6 5. Nf3 Nc6 6. Qa4 d6 7. e5 dxe5 8.
Nxe5 Bg7 9. Nxc6 bxc6 10. Qxc6+ Bd7 11. Qb7 O-O 12. Bd3 Qa5 13. O-O Rab8 14.
Qf3 Be6 15. h3 Nd7 16. Rd1 Ne5 17. Qe2 Rfd8 18. Ne4 Nxd3 19. cxd3 Qb4 20. a3
Qb5 21. Bf4 Qxb2 22. Qxb2 Rxb2 23. Nc5 Bd5 24. Rac1 Bd4 25. Rd2 Rxd2 26. Bxd2
Bb2 27. Rb1 Bxa3 28. Be3 a5 29. d4 Bb4 30. Na6 Be4 31. Rb3 Bd5 32. Rb1 Bd6 33.
Nc5 Kg7 34. Ra1 Ra8 35. Bd2 Bc7 36. f3 e5 37. Bc3 Bb6 38. Kf1 f6 39. Ke2 Bc4+
40. Kd2 Kf7 41. Nb7 Bd5 42. Nd6+ Ke6 43. dxe5 fxe5 44. Nb5 Bc4 45. Na3 Bb3 46.
Re1 Rd8+ 47. Kc1 Rd5 48. f4 Bc7 49. fxe5 Bxe5 50. Nc2 Bxc2 51. Kxc2 Rc5 52. Kd2
Rxc3 53. Rxe5+ Kxe5 0-1

[Event "Bochumer SV 02 III - SV Unna"]
[Site "?"]
[Date "2023.09.17"]
[Round "2.2"]
[White "Tahashi-Knoche, Farzad, Dr."]
[Black "Bochynek, Josua Peter"]
[Result "1/2-1/2"]
[WhiteElo "2069"]
[BlackElo "1782"]
[PlyCount "82"]
[SourceDate "2023.10.09"]

1. d4 Nf6 2. c4 c5 3. Nf3 e6 4. Nc3 d5 5. cxd5 Nxd5 6. e4 Nxc3 7. bxc3 cxd4 8.
cxd4 Nc6 9. Be2 Bb4+ 10. Bd2 Qa5 11. Bxb4 Qxb4+ 12. Qd2 Qxd2+ 13. Kxd2 O-O 14.
Rab1 Rd8 15. Ke3 h6 16. Rhd1 f5 17. Ne5 g5 18. Nxc6 bxc6 19. g3 fxe4 20. Rdc1
Rd6 21. Kxe4 Bd7 22. Bc4 Rd8 23. Rb7 c5 24. dxc5 Bc6+ 25. Ke3 Rd4 26. Bxe6+ Kh8
27. Bf5 Bxb7 28. c6 Bxc6 29. Rxc6 R4d6 30. Rc7 a6 31. Re7 Rf8 32. g4 Rdf6 33.
Ke4 R8f7 34. Re5 Rb7 35. Re8+ Kg7 36. Ke3 Rff7 37. Be4 Rbe7 38. Rb8 Rf8 39. Rb6
Rf6 40. Rb8 Rf8 41. Rb6 Rf6 1/2-1/2

[Event "Bochumer SV 02 III - SV Unna"]
[Site "?"]
[Date "2023.09.17"]
[Round "2.3"]
[White "Humpert, Dominik"]
[Black "Ivanov, Alexander, Dr."]
[Result "0-1"]
[WhiteElo "1814"]
[BlackElo "1900"]
[PlyCount "60"]
[SourceDate "2023.10.09"]

1. e4 c5 2. Nf3 Nc6 3. c3 d5 4. e5 Bg4 5. Bb5 Qb6 6. Bxc6+ bxc6 7. h3 Bxf3 8.
Qxf3 e6 9. Na3 Qc7 10. Qe2 Ne7 11. O-O h5 12. c4 Nf5 13. b3 Be7 14. Bb2 h4 15.
Qg4 Qa5 16. Rfd1 Rh6 17. Nc2 Rg6 18. Qh5 Rh6 19. Qf3 Rg6 20. Ne3 Nh6 21. d4 Kf8
22. cxd5 cxd5 23. dxc5 Bxc5 24. Bd4 Bxd4 25. Rxd4 Rc8 26. Rxh4 Qc3 27. Rd1 Qxe5
28. Ng4 Qg5 29. Nxh6 Rxh6 30. Rdd4 Rxh4 0-1

[Event "Bochumer SV 02 III - SV Unna"]
[Site "?"]
[Date "2023.09.17"]
[Round "2.4"]
[White "Peters, Olaf"]
[Black "Eichhorn, Robin"]
[Result "1/2-1/2"]
[WhiteElo "1873"]
[BlackElo "1785"]
[PlyCount "119"]
[SourceDate "2023.10.09"]

1. c4 Nf6 2. Nc3 d6 3. g3 g6 4. Bg2 Bg7 5. e3 c6 6. Nge2 Be6 7. d3 Na6 8. O-O
Nc7 9. Rb1 h5 10. Nd4 Bd7 11. h3 Qc8 12. h4 e5 13. Nf3 Bg4 14. e4 O-O 15. Ne2
Nh7 16. Nh2 Be6 17. b3 f5 18. f3 Qd7 19. Be3 d5 20. Qc2 fxe4 21. fxe4 d4 22.
Bd2 Bh3 23. Rxf8+ Rxf8 24. Rf1 Rxf1+ 25. Kxf1 Bxg2+ 26. Kxg2 Nf6 27. Qd1 Ne6
28. Ng1 b5 29. Nh3 bxc4 30. bxc4 Qb7 31. Qc2 Qa6 32. Ng5 Nxg5 33. Bxg5 Nd7 34.
Nf3 Qa3 35. Kf2 Nc5 36. Ke2 Na4 37. Bd2 Kf7 38. Qb3 Qxb3 39. axb3 Nc5 40. b4
Ne6 41. Ng5+ Nxg5 42. Bxg5 Bf6 43. Bd2 Ke7 44. Kd1 Kd7 45. Kc2 a6 46. Kb3 Kc7
47. Bh6 Kb7 48. Ka4 Kb6 49. Bf8 Kb7 50. Bd6 Kb6 51. Bc5+ Kb7 52. b5 axb5+ 53.
cxb5 cxb5+ 54. Kxb5 Kc7 55. Bf8 Kd7 56. Kc5 Ke6 57. Bh6 Bh8 58. Kc6 Bf6 59. Bg5
Bg7 60. Bd8 1/2-1/2

[Event "Bochumer SV 02 III - SV Unna"]
[Site "?"]
[Date "2023.09.17"]
[Round "2.5"]
[White "Franck, Axel"]
[Black "Abdullayev, Elchin"]
[Result "1/2-1/2"]
[WhiteElo "1714"]
[BlackElo "1878"]
[PlyCount "130"]
[SourceDate "2023.10.09"]

1. b4 e5 2. Bb2 Bxb4 3. Bxe5 Nf6 4. c4 Nc6 5. Bb2 O-O 6. e3 d5 7. Nf3 Bg4 8.
cxd5 Nxd5 9. Be2 Qe7 10. O-O Rad8 11. Nd4 Bd7 12. Bf3 Nxd4 13. Bxd4 Bf5 14. Re1
Bxb1 15. Rxb1 c5 16. Bxd5 Rxd5 17. Qb3 Rfd8 18. Bc3 Bxc3 19. dxc3 b6 20. a4 Qe4
21. Rbc1 h6 22. g3 R8d6 23. Rcd1 c4 24. Qb1 Qxb1 25. Rxb1 Rd2 26. Rb4 Rc6 27.
Rbb1 Rc5 28. Ra1 Rc2 29. Rec1 Rxc1+ 30. Rxc1 Ra5 31. Ra1 b5 32. Rb1 bxa4 33.
Ra1 a3 34. Ra2 f6 35. Kg2 Kf7 36. Kf3 Ke6 37. Ke4 a6 38. g4 Kd6 39. Kd4 Ra4 40.
h4 Kc6 41. f4 Kd6 42. h5 Ke6 43. e4 Kd6 44. e5+ fxe5+ 45. fxe5+ Ke6 46. Ke4 Ra5
47. Kd4 Rxe5 48. Rxa3 a5 49. Kxc4 Kd6 50. Kd4 Rg5 51. Ke3 Kc6 52. c4 Kb6 53.
Ra4 Kc6 54. Kf4 Rc5 55. Ke4 Kd6 56. Kf4 Ke6 57. Ke4 Ke7 58. Kf3 Kf6 59. Kf4 Ke6
60. Ke4 Rg5 61. Kf4 Kd6 62. Ra2 Rc5 63. Ra4 Kc6 64. Ke4 Kd6 65. Kf4 Ke6 1/2-1/2

[Event "Bochumer SV 02 III - SV Unna"]
[Site "?"]
[Date "2023.09.17"]
[Round "2.6"]
[White "Lampe, Thomas"]
[Black "Bertschik, Jonas"]
[Result "1-0"]
[WhiteElo "1925"]
[BlackElo "1653"]
[PlyCount "115"]
[SourceDate "2023.10.09"]

1. e4 e5 2. f4 d5 3. exd5 exf4 4. Nf3 Nf6 5. c4 c6 6. d4 cxd5 7. Bxf4 Bb4+ 8.
Nc3 O-O 9. Bd3 Re8+ 10. Ne5 Nc6 11. O-O Be6 12. a3 Bxc3 13. bxc3 Nxe5 14. dxe5
dxc4 15. exf6 Qxd3 16. Qh5 Qg6 17. Qb5 b6 18. Bg5 a6 19. Qe5 h6 20. Bh4 Bh3 21.
Qd5 Rad8 22. Qf3 Rd3 23. Qc6 Re2 24. Rf2 Rxf2 25. Bxf2 Rxc3 26. Qa8+ Kh7 27.
fxg7 Qxg7 28. Qe4+ f5 29. Qc6 Rc2 30. Rd1 Bxg2 31. Qxg2 Qxg2+ 32. Kxg2 Ra2 33.
Rd7+ Kg8 34. Rd6 Rxa3 35. Bxb6 Kg7 36. Rc6 c3 37. Bd4+ Kh7 38. Rxc3 Rxc3 39.
Bxc3 Kg6 40. Kg3 Kg5 41. Bd2+ Kg6 42. Kf4 Kf6 43. Bc3+ Kg6 44. Be1 Kf6 45. h3
Kg6 46. h4 Kf6 47. h5 Ke6 48. Bc3 Kf7 49. Kxf5 a5 50. Bxa5 Kg7 51. Bc3+ Kh7 52.
Kf6 Kh8 53. Kg6+ Kg8 54. Kxh6 Kf7 55. Kh7 Kf8 56. Kg6 Kg8 57. h6 Kf8 58. h7 1-0

[Event "Bochumer SV 02 III - SV Unna"]
[Site "?"]
[Date "2023.09.17"]
[Round "2.7"]
[White "Konrad, Alechander"]
[Black "Bautz, Volker"]
[Result "0-1"]
[WhiteElo "1785"]
[BlackElo "1625"]
[PlyCount "76"]
[SourceDate "2023.10.09"]

1. e4 e6 2. d4 c5 3. Nf3 cxd4 4. Nxd4 Nc6 5. Be3 Nf6 6. Nd2 Be7 7. Be2 O-O 8.
O-O d5 9. Nxc6 bxc6 10. e5 Nd7 11. f4 c5 12. c3 Rb8 13. b3 f6 14. Nf3 fxe5 15.
fxe5 Qc7 16. Qc2 Nxe5 17. Ng5 Bxg5 18. Rxf8+ Kxf8 19. Bxg5 Nf7 20. Rf1 Kg8 21.
Bf4 e5 22. Bg3 Rb6 23. Bd3 Rh6 24. c4 d4 25. Be4 Bb7 26. Bf5 Qe7 27. Be4 a6 28.
Rf5 Re6 29. Rh5 g6 30. Rh3 Ng5 31. Rh4 Nxe4 32. Rxe4 Bxe4 33. Qxe4 Qf6 34. Qd5
e4 35. Qxc5 e3 36. Qc8+ Kg7 37. Qd7+ Re7 38. Qd5 e2 0-1

[Event "Bochumer SV 02 III - SV Unna"]
[Site "?"]
[Date "2023.09.17"]
[Round "2.8"]
[White "Vonderhecken, Florian"]
[Black "Hartmann, Gideon"]
[Result "1-0"]
[WhiteElo "1785"]
[BlackElo "1731"]
[PlyCount "99"]
[SourceDate "2023.10.09"]

1. e4 e5 2. Nf3 Nc6 3. Bb5 Bd6 4. O-O b6 5. Bxc6 dxc6 6. d4 Qe7 7. dxe5 Bxe5 8.
Nxe5 Qxe5 9. f4 Qc5+ 10. Kh1 Bd7 11. Qd3 Nf6 12. Be3 Qh5 13. Nc3 O-O 14. e5 Ng4
15. Bg1 Bf5 16. Qf3 Qg6 17. h3 Qh6 18. Ne2 f6 19. Nd4 fxe5 20. Nxf5 Rxf5 21.
Qxg4 Raf8 22. Bh2 e4 23. Rfe1 Qe6 24. Re2 Qd5 25. b3 R8f6 26. c4 Qd4 27. Rae1
h5 28. Qg3 Rxf4 29. Qxf4 Rxf4 30. Bxf4 Qd7 31. Rxe4 Qf5 32. Bxc7 Qa5 33. R4e2
Kh7 34. Be5 b5 35. cxb5 cxb5 36. Rf1 Kg6 37. Rf3 b4 38. Bf4 Qa6 39. Rfe3 Kh7
40. Bh2 Qf6 41. Re5 g6 42. Bg1 a6 43. Re7+ Kh6 44. Be3+ g5 45. Bg1 h4 46. R2e6
Qxe6 47. Rxe6+ Kh5 48. Rxa6 g4 49. Ra5+ Kg6 50. hxg4 1-0

[Event "Dortmunder SV 2 - SV Welper 2"]
[Site "?"]
[Date "2023.09.17"]
[Round "?.1"]
[White "Adiyaman, Rene"]
[Black "Köhler, Eckart"]
[Result "1/2-1/2"]
[WhiteElo "2090"]
[BlackElo "1886"]
[Annotator " "]
[PlyCount "126"]
[EventDate "2023.??.??"]
[EventType "team"]
[SourceDate "2023.10.09"]
[WhiteTeam "SV Welper 2"]
[BlackTeam "DSV 1875 2"]

1. e4 e6 2. d4 d5 3. Nd2 c5 4. Ngf3 cxd4 5. exd5 Qxd5 6. Bc4 Qd7 7. O-O Nc6 8.
Nb3 Nf6 9. Nbxd4 Nxd4 10. Nxd4 a6 11. a4 Bc5 12. Be3 O-O 13. c3 Qc7 14. b4 Bd6
15. Nf3 Bxh2+ 16. Nxh2 Qxc4 17. Bd4 e5 18. Bxe5 Ng4 19. Bd4 Nxh2 20. Kxh2 Qc6
21. Qd2 Bf5 22. Rh1 Rfe8 23. Qf4 Bg6 24. f3 Re6 25. b5 Qd5 26. Rhd1 h6 27. Kg1
Qc4 28. b6 Rc8 29. a5 f6 30. Qg3 Kh7 31. Rd2 Rce8 32. Qc7 Qc6 33. c4 Rc8 34.
Qxc6 Rcxc6 35. c5 Be8 36. Bf2 Kg6 37. Rd8 Re7 38. Bg3 Rce6 39. Bd6 Rf7 40. Kf2
Bc6 41. Re1 Rxe1 42. Kxe1 Kf5 43. Ke2 Ke6 44. Ke3 Kd5 45. Kd3 Bb5+ 46. Kc3 Bd7
47. Rb8 Kc6 48. Kd4 h5 49. Kc4 Be6+ 50. Kb4 Bd7 51. Rh8 g6 52. Rg8 Bf5 53. g4
hxg4 54. fxg4 Bxg4 55. Rxg6 Bf3 56. Kc4 Kd7 57. Kd4 Ke6 58. Ke3 Bc6 59. Kf4 Rh7
60. Be5 Kd5 61. Rxf6 Kxc5 62. Bc3 Rd7 63. Ke3 Kc4 1/2-1/2

[Event "Mengede- Ruhrhalbinsel"]
[Site "?"]
[Date "2023.09.17"]
[Round "2.1"]
[White "Krimphoff, Ingo"]
[Black "Borgschulze, Maik"]
[Result "1/2-1/2"]
[WhiteElo "1995"]
[BlackElo "2081"]
[PlyCount "38"]
[SourceDate "2023.10.09"]

1. Nf3 Nf6 2. c4 e6 3. g3 d5 4. Bg2 Be7 5. O-O O-O 6. b3 c6 7. d3 Nbd7 8. Bb2
Qc7 9. Qc2 Re8 10. Nc3 Qb8 11. e4 dxe4 12. dxe4 e5 13. Nh4 Nc5 14. Nf5 Bxf5 15.
exf5 a5 16. Rad1 Qc7 17. h3 Rad8 18. Bc1 Rxd1 19. Rxd1 Rd8 1/2-1/2

[Event "Mengede- Ruhrhalbinsel"]
[Site "?"]
[Date "2023.09.17"]
[Round "2.2"]
[White "Delvos, Thorsten"]
[Black "Schaefer, Johannes"]
[Result "1-0"]
[WhiteElo "1994"]
[BlackElo "1884"]
[PlyCount "37"]
[SourceDate "2023.10.09"]

1. c4 g6 2. g3 Bg7 3. Bg2 e5 4. Nc3 d6 5. e4 Nc6 6. Nge2 f5 7. d3 Nf6 8. O-O f4
9. gxf4 Nh5 10. f5 O-O 11. Nd5 gxf5 12. Ng3 Nxg3 13. fxg3 Nd4 14. Qh5 Rf7 15.
Bh3 Qf8 16. exf5 Bxf5 17. Bxf5 Nxf5 18. Rxf5 Rxf5 19. Qxf5 1-0

[Event "Mengede- Ruhrhalbinsel"]
[Site "?"]
[Date "2023.09.17"]
[Round "2.3"]
[White "Unteregge, Michael"]
[Black "Echargui, Amin"]
[Result "1-0"]
[WhiteElo "2027"]
[BlackElo "1820"]
[PlyCount "109"]
[SourceDate "2023.10.09"]

1. Nf3 d5 2. d4 Nf6 3. c4 c6 4. Qc2 e6 5. g3 Bb4+ 6. Bd2 Be7 7. Bg2 O-O 8. O-O
Nbd7 9. Bf4 b6 10. Rd1 Bb7 11. Nc3 Nh5 12. Bc1 Nhf6 13. b3 Qc7 14. Bb2 Rfd8 15.
Rac1 Rac8 16. e4 Nxe4 17. Nxe4 dxe4 18. Qxe4 c5 19. Qe2 Bf6 20. h4 cxd4 21.
Bxd4 Bxd4 22. Nxd4 Bxg2 23. Kxg2 a6 24. Rc2 Nf6 25. Rcd2 Rd7 26. Nf3 Rcd8 27.
Rxd7 Rxd7 28. Rxd7 Nxd7 29. Qe4 Qc8 30. Ng5 Nf6 31. Qd4 h6 32. Ne4 Qc6 33. f3
Nxe4 34. Qxe4 Qc8 35. Qd4 Qc7 36. b4 Qc6 37. c5 bxc5 38. bxc5 Qb5 39. Kf2 Qb1
40. Qd8+ Kh7 41. Qd2 h5 42. Qc3 Qb7 43. c6 Qc7 44. Qc5 g6 45. a4 g5 46. Kg2
gxh4 47. Qxh5+ Kg7 48. Qg5+ Kf8 49. Qc5+ Ke8 50. gxh4 f5 51. Qc3 e5 52. Qc4
Qg7+ 53. Kf2 f4 54. Qe6+ Kd8 55. Qd7+ 1-0

[Event "Mengede- Ruhrhalbinsel"]
[Site "?"]
[Date "2023.09.17"]
[Round "2.4"]
[White "Kraus, Reinhard"]
[Black "Praemaßing, Reiner"]
[Result "1/2-1/2"]
[WhiteElo "1805"]
[BlackElo "1851"]
[PlyCount "54"]
[SourceDate "2023.10.09"]

1. c4 Nf6 2. g3 c6 3. Bg2 d5 4. cxd5 cxd5 5. d4 Nc6 6. Nf3 Qa5+ 7. Nc3 Ne4 8.
Bd2 Nxc3 9. bxc3 Qc7 10. Qb3 e6 11. O-O Na5 12. Qc2 Bd6 13. e4 dxe4 14. Qxe4
O-O 15. Ng5 f5 16. Qe2 Qc4 17. Rfe1 h6 18. Nxe6 Bxe6 19. Qxe6+ Qxe6 20. Rxe6
Rad8 21. Bd5 Kh7 22. Bb3 b5 23. Rb1 Rd7 24. d5 Nc4 25. Bxc4 bxc4 26. Be3 Rfd8
27. Rb5 Bb8 1/2-1/2

[Event "Mengede- Ruhrhalbinsel"]
[Site "?"]
[Date "2023.09.17"]
[Round "2.5"]
[White "Zagrabski, Kevin"]
[Black "Weinert, Christian"]
[Result "1/2-1/2"]
[WhiteElo "1835"]
[BlackElo "1894"]
[PlyCount "37"]
[SourceDate "2023.10.09"]

1. d4 Nf6 2. Nf3 b6 3. Bf4 Bb7 4. e3 g6 5. Nbd2 Bg7 6. c3 d6 7. Bc4 e6 8. O-O
O-O 9. Re1 Nbd7 10. Qb3 d5 11. Be2 c5 12. Bd6 c4 13. Qc2 Re8 14. Ne5 Rc8 15.
Bf3 b5 16. e4 Nb6 17. Ba3 Na4 18. g4 h6 19. Re3 1/2-1/2

[Event "Mengede- Ruhrhalbinsel"]
[Site "?"]
[Date "2023.09.17"]
[Round "2.7"]
[White "Degner, Friedhelm"]
[Black "Wiktor, Reinhard"]
[Result "1-0"]
[WhiteElo "1737"]
[BlackElo "1789"]
[PlyCount "121"]
[SourceDate "2023.10.09"]

1. Nc3 d6 2. e4 c6 3. d4 Nf6 4. Bf4 Qa5 5. Qd2 e5 6. Bg3 Nbd7 7. Nf3 Be7 8. Be2
O-O 9. O-O Nh5 10. Nd5 Qd8 11. Nxe7+ Qxe7 12. Bh4 Ndf6 13. Nxe5 dxe5 14. Bxh5
Rd8 15. c3 exd4 16. Qf4 Nxh5 17. Bxe7 Nxf4 18. Bxd8 Be6 19. Bg5 Ne2+ 20. Kh1
dxc3 21. bxc3 Nxc3 22. f3 f6 23. Be3 b5 24. a3 Bc4 25. Rfc1 Na4 26. Rd1 a5 27.
Rd6 Rc8 28. Rad1 b4 29. Rd8+ Rxd8 30. Rxd8+ Kf7 31. axb4 axb4 32. Rd4 Bb5 33.
Rxb4 Nc3 34. Bd2 Na4 35. Kg1 Nc5 36. Rb1 Nd3 37. g3 Ke6 38. Ra1 Ne5 39. Kf2 g5
40. Ra7 h5 41. f4 gxf4 42. gxf4 Nd3+ 43. Ke3 Nb2 44. Bb4 Nc4+ 45. Kd4 f5 46. e5
Nxe5 47. fxe5 f4 48. Ke4 c5 49. Bxc5 Bd7 50. Ra6+ Kf7 51. Rf6+ Kg7 52. Bd4 f3
53. Kxf3 h4 54. Kf4 h3 55. Kg5 Ba4 56. Ra6 Bb3 57. e6+ Kf8 58. Kf6 Kg8 59. e7
Bf7 60. Ra8+ Kh7 61. Kxf7 1-0

[Event "Mengede- Ruhrhalbinsel"]
[Site "?"]
[Date "2023.09.17"]
[Round "2.8"]
[White "Volmer, Martin"]
[Black "Heimannsberg, Dennis"]
[Result "1-0"]
[WhiteElo "1520"]
[BlackElo "1355"]
[PlyCount "47"]
[SourceDate "2023.10.09"]

1. d4 Nf6 2. c4 e6 3. Nc3 d5 4. e3 c5 5. cxd5 exd5 6. Nf3 Nc6 7. a3 Bg4 8. Be2
Be7 9. O-O O-O 10. dxc5 Bxc5 11. b4 Bb6 12. Bb2 Rc8 13. Na4 Bc7 14. Rc1 Qd6 15.
g3 Rfd8 16. Nc5 Rb8 17. Qc2 Qe7 18. Nxb7 Rxb7 19. Qxc6 Bb6 20. Bd4 Ne4 21. Bxb6
Rxb6 22. Qc2 Qf6 23. Kg2 Rc8 24. Qxc8+ 1-0

[Event "SF Werden 3 - SCLB Essen1"]
[Site "?"]
[Date "2023.09.17"]
[Round "2.1"]
[White "Kunisch, Siegfried"]
[Black "Diesing, Christian"]
[Result "1-0"]
[WhiteElo "2070"]
[BlackElo "1953"]
[PlyCount "31"]
[SourceDate "2023.10.09"]

1. e4 e6 2. d4 d5 3. e5 c5 4. c3 Nc6 5. Nf3 Qb6 6. Be2 Nh6 7. Bxh6 Qxb2 8. Be3
Qxa1 9. Qc2 cxd4 10. Nxd4 Nb4 11. Bb5+ Kd8 12. cxb4 a6 13. Bg5+ f6 14. exf6
Bxb4+ 15. Ke2 Qxd4 16. fxg7+ 1-0

[Event "SF Werden 3 - SCLB Essen1"]
[Site "?"]
[Date "2023.09.17"]
[Round "2.3"]
[White "Mandl, Stefan"]
[Black "Blank, Stephan"]
[Result "1-0"]
[WhiteElo "1980"]
[BlackElo "1797"]
[PlyCount "65"]
[SourceDate "2023.10.09"]

1. e4 c5 2. Nf3 g6 3. d4 Bg7 4. Nc3 cxd4 5. Nxd4 Nc6 6. Be3 d6 7. f3 Nf6 8. Qd2
O-O 9. Bc4 Nxd4 10. Bxd4 Bd7 11. O-O-O a6 12. g4 Rc8 13. Bb3 b5 14. g5 Ne8 15.
h4 Be6 16. h5 Bxb3 17. axb3 Qa5 18. Kb1 Bxd4 19. Qxd4 Rxc3 20. hxg6 fxg6 21.
Rxh7 e5 22. Qd5+ Kxh7 23. Rh1+ Kg7 24. bxc3 Qc7 25. Qe6 Qf7 26. Qh3 Qg8 27. Kb2
Rf4 28. b4 Kf7 29. Qc8 Kf8 30. Qxa6 Qc4 31. Rh8+ Ke7 32. Qb7+ Kd8 33. Qb8+ 1-0

[Event "SF Werden 3 - SCLB Essen1"]
[Site "?"]
[Date "2023.09.17"]
[Round "2.4"]
[White "Brixius, Dirk"]
[Black "Ball, Joerg"]
[Result "1-0"]
[WhiteElo "1721"]
[BlackElo "1920"]
[PlyCount "45"]
[SourceDate "2023.10.09"]

1. c4 f5 2. Nf3 Nf6 3. d4 g6 4. Nc3 Bg7 5. Bg5 O-O 6. Qd2 e6 7. Bh6 d6 8. Bxg7
Kxg7 9. h4 h6 10. g3 Qe7 11. Bg2 c6 12. O-O-O Nbd7 13. Nh2 e5 14. e4 Qf7 15. b3
fxe4 16. Bxe4 Nxe4 17. Nxe4 d5 18. Ng4 dxe4 19. Qxh6+ Kg8 20. h5 Qg7 21. hxg6
exd4 22. Qh7+ Qxh7 23. Rxh7 1-0

[Event "SF Werden 3 - SCLB Essen1"]
[Site "?"]
[Date "2023.09.17"]
[Round "2.5"]
[White "Brandhorst, Dieter"]
[Black "Biermann, Klaus"]
[Result "1-0"]
[WhiteElo "1830"]
[BlackElo "1791"]
[PlyCount "51"]
[SourceDate "2023.10.09"]

1. d4 d5 2. Bf4 Nf6 3. Nc3 e6 4. e3 a6 5. Nf3 c5 6. dxc5 Bxc5 7. Bd3 Nc6 8. e4
dxe4 9. Nxe4 Nxe4 10. Bxe4 Qb6 11. O-O O-O 12. Bxh7+ Kxh7 13. Ng5+ Kg6 14. Qd3+
f5 15. Qg3 e5 16. Nf3+ Kf7 17. Ng5+ Kg6 18. Nf3+ Kf7 19. Bxe5 Nxe5 20. Ng5+ Kg8
21. Qxe5 Qd6 22. Qe2 b5 23. Rad1 Qh6 24. Qf3 Ra7 25. Qd5+ Kh8 26. Qxc5 1-0

[Event "SF Werden 3 - SCLB Essen1"]
[Site "?"]
[Date "2023.09.17"]
[Round "2.6"]
[White "Eggebrecht, Jan"]
[Black "Petri, Norbert"]
[Result "1/2-1/2"]
[WhiteElo "1733"]
[BlackElo "1803"]
[PlyCount "65"]
[SourceDate "2023.10.09"]

1. c4 c5 2. g3 e6 3. Bg2 d5 4. cxd5 exd5 5. d4 Nc6 6. Nf3 Nf6 7. Nc3 Be7 8. O-O
O-O 9. e3 h6 10. b3 Bg4 11. Ne2 Qd7 12. dxc5 Bxc5 13. Bb2 Ne4 14. Ned4 Rfe8 15.
a3 a6 16. Nxc6 bxc6 17. b4 Ba7 18. Qd3 Bf5 19. Qe2 Bg4 20. Qc2 f6 21. Rfc1 Nxf2
22. Bd4 Bxd4 23. Nxd4 Nh3+ 24. Kf1 Rac8 25. Nxc6 Re6 26. Qd3 Rexc6 27. Rxc6
Rxc6 28. Qxd5+ Be6 29. Qxd7 Bxd7 30. Bxc6 Bxc6 31. Rc1 Bb5+ 32. Kg2 Ng5 33.
Rc8+ 1/2-1/2

[Event "SF Werden 3 - SCLB Essen1"]
[Site "?"]
[Date "2023.09.17"]
[Round "2.7"]
[White "Reich, Andreas"]
[Black "Arp, Piotr"]
[Result "0-1"]
[WhiteElo "1777"]
[BlackElo "1532"]
[PlyCount "95"]
[SourceDate "2023.10.09"]

1. c4 Nf6 2. Nc3 g6 3. g3 Bg7 4. Bg2 O-O 5. Nf3 d6 6. O-O e5 7. d3 Ne8 8. Nd2
f5 9. c5 Nc6 10. cxd6 cxd6 11. Qa4 Bd7 12. Qb3+ Kh8 13. Qxb7 Rb8 14. Qa6 Rb6
15. Qa4 Nf6 16. Qd1 Be6 17. Nc4 Ra6 18. Bg5 d5 19. Na3 h6 20. Bxf6 Bxf6 21. e4
d4 22. Ncb1 f4 23. b3 Nb4 24. Qd2 Be7 25. Nc4 Nc6 26. f3 g5 27. g4 h5 28. h3
Qd7 29. Qe2 Nb4 30. Nxe5 Qe8 31. Nc4 Bxc4 32. bxc4 Qa4 33. Rc1 hxg4 34. hxg4
Rh6 35. a3 Rf7 36. Qb2 Nxd3 37. Qc2 Qxc2 38. Rxc2 Ne1 39. Re2 Nxg2 40. Kxg2 Bc5
41. Nd2 Rfh7 42. Nf1 d3 43. Rd2 Rh1 44. Rf2 d2 45. Rd1 Bxf2 46. Kxf2 R7h2+ 47.
Nxh2 Rxd1 48. Ke2 0-1

[Event "SF Werden 3 - SCLB Essen1"]
[Site "?"]
[Date "2023.09.17"]
[Round "2.8"]
[White "Schueppen, Jonathan"]
[Black "Maurer, Markus"]
[Result "1/2-1/2"]
[WhiteElo "1309"]
[BlackElo "1751"]
[PlyCount "37"]
[SourceDate "2023.10.09"]

1. d4 d5 2. Nf3 Nf6 3. c4 e6 4. g3 Be7 5. Bg2 O-O 6. O-O c5 7. cxd5 exd5 8.
dxc5 Bxc5 9. Nc3 h6 10. Bf4 Nc6 11. Na4 Bd6 12. Bxd6 Qxd6 13. e3 Bf5 14. Qb3 b6
15. Rfd1 Na5 16. Qc3 Rac8 17. Qe5 Qxe5 18. Nxe5 Bc2 19. Rd4 1/2-1/2

[Event "Gladbeck- Werne"]
[Site "?"]
[Date "2023.09.17"]
[Round "2.1"]
[White "Schlierkamp, Ferdinand"]
[Black "Hassenrueck, Helmut"]
[Result "1/2-1/2"]
[WhiteElo "2020"]
[BlackElo "2123"]
[PlyCount "37"]
[SourceDate "2023.10.09"]

1. e4 e5 2. Nf3 Nc6 3. d4 exd4 4. Nxd4 Nf6 5. Nxc6 bxc6 6. Bd3 d5 7. Nd2 Bd6 8.
h3 O-O 9. O-O Re8 10. exd5 cxd5 11. Nf3 Ne4 12. Bb5 Re6 13. Bc6 Ba6 14. Bxa8
Bxf1 15. Bxd5 Bc4 16. Bg5 Nxg5 17. Bxc4 Rg6 18. Nxg5 Qxg5 19. Qf3 1/2-1/2

[Event "Gladbeck- Werne"]
[Site "?"]
[Date "2023.09.17"]
[Round "2.2"]
[White "Frohne, Gerd"]
[Black "Schnelting, Michael"]
[Result "1/2-1/2"]
[WhiteElo "2008"]
[BlackElo "1977"]
[PlyCount "47"]
[SourceDate "2023.10.09"]

1. d4 d6 2. e4 Nf6 3. Bd3 e5 4. c3 Nc6 5. Ne2 Be7 6. O-O O-O 7. d5 Nb8 8. Ng3
c6 9. c4 Na6 10. Nc3 Bd7 11. a3 Nc5 12. Bc2 a5 13. Be3 Na6 14. h3 Rc8 15. Qe2
Ne8 16. Rad1 Bg5 17. dxc6 bxc6 18. Na4 Bxe3 19. Qxe3 c5 20. Nc3 Nb8 21. Nb5 Be6
22. Qd3 Nc6 23. b3 Nd4 24. Nc3 1/2-1/2

[Event "Gladbeck- Werne"]
[Site "?"]
[Date "2023.09.17"]
[Round "2.3"]
[White "Meya, Carsten"]
[Black "Berg, Dietmar"]
[Result "0-1"]
[WhiteElo "1829"]
[BlackElo "1943"]
[PlyCount "132"]
[SourceDate "2023.10.09"]

1. e4 c5 2. Nf3 d6 3. d4 cxd4 4. Nxd4 Nf6 5. Nc3 a6 6. Bg5 e6 7. f4 Be7 8. Be2
Nbd7 9. Bf3 Qc7 10. Qe2 Rb8 11. O-O-O h6 12. Bh4 Nb6 13. e5 dxe5 14. fxe5 Nfd5
15. Nxd5 Nxd5 16. Bxe7 Nxe7 17. Be4 Qxe5 18. Nf3 Qa5 19. Kb1 Bd7 20. Qd2 Qxd2
21. Rxd2 Bc6 22. Bxc6+ Nxc6 23. Rhd1 O-O 24. c3 Rfd8 25. Kc2 Kf8 26. a4 Rxd2+
27. Rxd2 Rd8 28. Rxd8+ Nxd8 29. Ne5 Ke7 30. b4 Kd6 31. Nd3 b6 32. c4 Nb7 33.
Kc3 e5 34. g4 g6 35. Nf2 f5 36. Kd3 Nd8 37. h3 Ne6 38. gxf5 gxf5 39. Ke3 e4 40.
Nd1 Ke5 41. b5 a5 42. Nc3 Nc5 43. h4 f4+ 44. Kf2 Kf5 45. Nd5 Nxa4 46. Ke2 Ke5
47. Kd2 e3+ 48. Ke2 Ke4 49. Nf6+ Kf5 50. Nd5 Kg4 51. h5 Kg3 52. Kf1 Kf3 53. Ke1
Nc5 54. Nxb6 Nd3+ 55. Kd1 e2+ 56. Kd2 e1=Q+ 57. Kxd3 Qe3+ 58. Kc2 Qxb6 59. Kb3
Qc5 60. Kc3 Ke3 61. b6 Qxb6 62. Kc2 Qb4 63. c5 a4 64. c6 Qb3+ 65. Kc1 Kd3 66.
c7 Qc2# 0-1

[Event "Gladbeck- Werne"]
[Site "?"]
[Date "2023.09.17"]
[Round "2.4"]
[White "Kruse, Peter"]
[Black "Schikowsky, Andreas"]
[Result "1/2-1/2"]
[WhiteElo "1913"]
[BlackElo "1807"]
[PlyCount "43"]
[SourceDate "2023.10.09"]

1. e4 c5 2. Nf3 Nc6 3. Bb5 Qc7 4. Nc3 e6 5. O-O Nf6 6. Re1 d6 7. d4 cxd4 8.
Nxd4 Bd7 9. Be3 Be7 10. f4 O-O 11. Be2 a6 12. Bf3 Nxd4 13. Bxd4 e5 14. fxe5
dxe5 15. Be3 Rac8 16. Rc1 Rfd8 17. Qe2 Be6 18. h3 b5 19. Red1 Bc4 20. Qf2 Rxd1+
21. Rxd1 Rd8 22. Rxd8+ 1/2-1/2

[Event "Gladbeck- Werne"]
[Site "?"]
[Date "2023.09.17"]
[Round "2.5"]
[White "Hoeselbarth, Thomas"]
[Black "Huttny, Georg"]
[Result "0-1"]
[WhiteElo "1560"]
[BlackElo "1828"]
[PlyCount "58"]
[SourceDate "2023.10.09"]

1. d4 Nf6 2. c4 c5 3. d5 b5 4. cxb5 a6 5. Nc3 g6 6. bxa6 Bxa6 7. g3 Bg7 8. Bg2
d6 9. Nh3 Nbd7 10. Nf4 O-O 11. O-O Qa5 12. Qa4 Qxa4 13. Nxa4 Rfb8 14. Nc3 Ng4
15. Re1 Nge5 16. Ne4 Nc4 17. Nd3 Nxb2 18. Nxb2 Bxb2 19. Bxb2 Rxb2 20. Bf1 Bc4
21. Nc3 Ra3 22. Nd1 Rbxa2 23. Rxa2 Rxa2 24. e4 Bxf1 25. Kxf1 Ne5 26. Ne3 Nf3
27. Rc1 Nd2+ 28. Kg2 Nxe4 29. Rf1 Rd2 0-1

[Event "Gladbeck- Werne"]
[Site "?"]
[Date "2023.09.17"]
[Round "2.6"]
[White "Rickert, Stefan"]
[Black "Ismail Zade, Hamed"]
[Result "1-0"]
[WhiteElo "1903"]
[BlackElo "1359"]
[PlyCount "35"]
[SourceDate "2023.10.09"]

1. e4 c5 2. Nf3 d6 3. d4 cxd4 4. Nxd4 Nf6 5. Bc4 Nxe4 6. Bxf7+ Kxf7 7. Qh5+ g6
8. Qd5+ e6 9. Qxe4 Bg7 10. O-O Re8 11. c4 Qb6 12. Nb5 a6 13. Be3 Qd8 14. Qf4+
Kg8 15. Nxd6 Bxb2 16. Qf7+ Kh8 17. Nxe8 Bxa1 18. Qf8# 1-0